000 00821 a2200193 4500
003 NUST
005 20251112154729.0
040 _cNust
082 _a621.382,KHA
100 _aKhan , NC Hassan Talha (TCC-11)
_9131848
245 _aSoftware simulation of discrete multitone modem /
_cNC Talha Hassan Khan, PC Bilal Ahmed khan, PC Zeeshan Amir and PC Bilal Amin.
260 _aRawalpindi
_bMCS (NUST)
_c2003
300 _a144 p.;
505 _aBroadband Technologies (Page-1), Discreet Multi Tone (DMT), Modulation and Demodulation (page-45), Bit Loading (Page-66), Channel Estimation (Page-81), Equalization (Page-101), Synchronization (Page-107), Symbol Detection (Page-129).
650 _aUG Projects
_998716
651 _aTCC-11
_9131828
700 _aSupervised by Dr. Jamil Ahmad
_9131849
942 _cPR
_2ddc
999 _c182753
_d182753